000 01151nam a2200241 a 4500
003 AM-YEHGA
005 20250617164604.0
008 180315s1962 ru |||||r|||||001|0|rus||
040 _aAM-YeHGA
041 0 _arus
100 1 _aХакуашев, Евгений Тикович
245 1 0 _aКабардино-Балкария в годы восстановления народного хозяйства СССР. (1921-1925 гг.) /
_cЕ.Т. Хакуашев ; Под ред. д-ра ист. наук проф. И.Б. Берхина ; Кабард.-Балкар. науч.-исслед. ин-т.
260 _aНальчик :
_bКабард.-Балкар. кн. изд-во,
_c1962.
300 _a136 с. ;
_c20 см.
504 _aБиблиогр.: с. 128-135
650 1 4 _aИстория
_zРоссия
653 0 _aКабардино-Балкарская АССР - История - 1921-1925
700 1 _aБерхин, И.Б.
_eред.
_4edt
710 2 _aКабардино-Балкарский научно-исследовательский институт
942 _2udc
_cBK
001 1325614
090 _c563854
999 _c526269
_d526269